| 000 | 00477cam a2200193ua 4500 | ||
|---|---|---|---|
| 001 | 3890 | ||
| 005 | 20260515113739.0 | ||
| 008 | 111207n ii |||gr||||Z||||||asm | ||
| 040 | _cMAIN | ||
| 082 | _a891.4511 | ||
| 100 | 1 |
_aRajkhuwa, Bhabananda, _eAuthor. |
|
| 245 | 1 | 1 |
_aKharika jai _cby Bhabananda Rajkhuwa |
| 250 | _a1st. | ||
| 260 |
_aGuwahati: _bPublication board assam,986. |
||
| 300 |
_a76p: _c23cm. |
||
| 653 | _aAssamese poem | ||
| 653 | _aKharika jai | ||
| 942 | _cBK | ||
| 999 |
_c3711 _d3711 |
||